000 00370 a2200157 4500
001 188758
020 _a978-857319-515-0
040 _cMagnum
100 _aAguirre, Sergio
240 1 0 _aOs vizinhos morrem nos romances
_lpor
245 1 0 _aOs vizinhos morrem nos romances
300 _a123
362 0 _a2009
697 _aLITERATURA GERAL ESTRANGEIRA
942 _cBK
999 _c188758
_d188758